| 000 | 00585nam a2200241Ia 4500 | ||
|---|---|---|---|
| 001 | UByD000033 | ||
| 003 | AR-LpoUNG | ||
| 005 | 20241226151847.0 | ||
| 008 | 211213s2009||||ag |||||||||||||| ||spa|| | ||
| 020 | _a9789505134694 | ||
| 040 |
_aAR-LpoUNG _bspa _cAR-LpoUNG _eaacr |
||
| 082 | 0 | _aA861 372noc | |
| 100 | 1 | _aFerrandi, Luis | |
| 245 | 1 | 0 | _aNoches de la joderÃa |
| 250 | _a1ra. ed | ||
| 260 |
_aBuenos Aires : _bBotella al Mar, _c2009. |
||
| 300 | _a92 p. | ||
| 650 | 4 | _aARGENTINA | |
| 650 | 4 | _aLITERATURA | |
| 650 | 4 | _aPOESIA | |
| 905 | _aCJPM561 | ||
| 942 |
_cLIB _2ddc |
||
| 999 |
_c62305 _d62305 |
||